000 00317nam a2200133 i 4500
001 bg
100 1 _aSPYRA, Stanisław
245 0 _aSzermierka :
_bmetodyka nauczania /
_cStanisław Spyra.
260 _aWarszawa,
_c1970.
040 _cBPK
041 _apol
942 _cKS
008 s pl f |000 0 pol
999 _c7427
_d7427
856 _uhttp://koha.tu.koszalin.pl/cgi-bin/koha/opac-detail.pl?biblionumber=7427
_yKatalog online BPK